000 00450nam a2200169Ia 4500
003 GCL
008 140319s9999 xx 000 0 eng d
040 _aGCL /
_cGCL
082 0 4 _a658.4012
_bS B
100 1 _aSMITH, JOHN GRIEVE
245 1 0 _aBUSINESS STRATEGY, 2nd. ed /
_cSMITH, JOHN GRIEVE
260 _a[S.N] :
_bBAISL BLAKWELL ،
_c1990
300 _a222 P
650 0 4 _aSTARTEGIC PLANNING
650 0 4 _aCORPORATE PLANNING
942 _2ddc
_cBK
999 _c20135
_d20135